| 000 | 00548nam a2200193 a 4500 | ||
|---|---|---|---|
| 005 | 20140310183435.0 | ||
| 008 | 080124s19uu xx 00 eng d | ||
| 020 | _a9781412911306 | ||
| 050 |
_aH 62 _b.H592 2007 |
||
| 100 | _aHolliday, Adrian | ||
| 245 |
_aDoing and writing qualitative research. / _cAdrian Holiday |
||
| 250 | _a2nd ed. | ||
| 260 |
_aLondon : _bSage Publications, _c2007. |
||
| 300 |
_a199 p. : _c23 cm. |
||
| 650 |
_aSocial Sciences _xResearch. |
||
| 650 | _aQualitative Resrach. | ||
| 942 |
_cBK _2lcc _kFOR |
||
| 999 |
_c22862 _d22862 |
||